| 000 | 00537naa a2200157 4500 | ||
|---|---|---|---|
| 005 | 20180522155305.0 | ||
| 020 |
_a978019567924 _c295.00 |
||
| 037 | _bOxford University Press | ||
| 100 | _aGooptu, Suparna | ||
| 245 |
_aCornelia Sorabji: India's pioneer woman lawyer: _ba biography / _cby Suparna Gooptu |
||
| 260 |
_aNew Delhi _bOxford University Press _c2011 |
||
| 270 |
_aYMCA Library Building, Jai Singh Road _bNew Delhi _e110001 |
||
| 300 |
_axxvii, 241p _c22cm (Hb) _bb&w photos |
||
| 500 | _aIncludes index | ||
| 942 |
_2ddc _cEN _mGOO |
||
| 999 |
_c53090 _d53090 |
||